| 000 | 00543nam a2200181Ia 4500 | ||
|---|---|---|---|
| 003 | GCL | ||
| 008 | 140319s9999 xx 000 0 ara d | ||
| 040 |
_aGCL / _cGCL |
||
| 082 | 0 | 4 |
_a224.1 _bا م |
| 100 | 1 | _aاحمد الحوفى | |
| 245 | 1 | 0 |
_aمعانى السماء والارض فى القران / _cاحمد الحوفى |
| 300 | _a98 ص | ||
| 490 |
_aالهيئة العامة للاستعلامات _v0 |
||
| 650 | 0 | 4 | _aالقران - تفسير |
| 650 | 0 | 4 | _aالقران - الفاظ |
| 650 | 0 | 4 | _aالقران |
| 942 |
_2ddc _cBK |
||
| 999 |
_c49373 _d49373 |
||